Woman on the other shore

محفوظ في:
التفاصيل البيبلوغرافية
المؤلف الرئيسي: Kakuta, Mitsuyo (مؤلف)
التنسيق: كتاب
اللغة:الإنجليزية
منشور في: Tokio Kodansha 2007
الطبعة:1a. ed
الموضوعات:
الوسوم: إضافة وسم
لا توجد وسوم, كن أول من يضع وسما على هذه التسجيلة!

MARC

LEADER 00000nam a2200000 a 4500
001 UCI4918
003 CL-VaPUC
008 080307e20070000JA |||||||||||||||||eng|d
020 |a 9784770030436 
082 0 4 |a 895.603  |b KAK  |2 21 
100 0 |a Kakuta, Mitsuyo  |e author  |9 526999 
245 1 0 |a Woman on the other shore 
250 |a 1a. ed 
300 |a 271 p 
942 |c BK 
945 |d 20080307 00:00:00  |a cmena 
260 |a Tokio  |b Kodansha  |c 2007 
650 7 |a NOVELAS JAPONESAS  |2 CL-VaPUC  |9 527000 
650 0 |a Literatura japonesa  |9 266543 
583 |a last modification  |c 20080307 00:00:00  |k Rodrigo Vera 
999 |c 328749  |d 328747 
952 |0 0  |1 0  |4 0  |6 895_603000000000000_KAK_2007  |7 0  |8 A  |9 412832  |a BIBGIM  |b BIBGIM  |d 2019-11-22  |i 4412451  |o 895.603 KAK 2007  |p 4412451  |r 2025-01-15  |w 2019-11-22  |y BK  |k ORI